007430000a220009700045001000032000002450067000323000044000995200450001436500013005937730039006061 aVillegas Mesa, Elkin Emilio10aConsecuencias Sociales de la Ausencia del Sentimiento de Culpa aNúm.22 (agosto, 2012), Pág. 131-144 aEl sentimiento de culpa aparece siempre ligado a otros conceptos, como censura, conciencia moral, ética, responsabilidad, ideal del yo, imperativo categórico, superyó, punición, angustia, deseo, castración, moción maligna, tabú, odio, padre, etc., con los cuales está en estrecha relación, y se expresa de diversas maneras, por medio "de mandatos insensatos que interrumpen sorpresivamente en el más `normal´ de los sujetos"14aLa Culpa0 tRevista Tecnológico de Antioquia